000
00301nam a22001337a 4500
008
180919b xxu||||| |||| 00| 0 eng d
041
_a
eng
080
_a
574
082
_a
574
100
_a
9
101
_a
MJE
245
_a
Annual Review of Ecology and Systematics
_c
Antonovics,J
942
_2
udc
_c
BK
999
_c
48017
_d
48017